[Event "Nezhmetdinov Memorial 28th"]
[Site "Kazan"]
[Date "2006.06.05"]
[Round "5"]
[White "Masyagutova, Leisan"]
[Black "Zaletov, Yuri"]
[Result "1-0"]
[WhiteElo "2026"]
[BlackElo "2200"]
[PlyCount "83"]
[EventDate "2006.06.01"]
[EventType "swiss"]
[EventRounds "9"]
[EventCountry "RUS"]
[SourceTitle "CBM 112 Extra"]
[Source "ChessBase"]
[SourceDate "2006.07.14"]
[SourceVersion "1"]
[SourceVersionDate "2006.07.14"]
[SourceQuality "1"]

1. e4 c5 2. Nf3 Nc6 3. d4 cxd4 4. Nxd4 e5 5. Nb5 d6 6. Bg5 f6 7. Be3 a6 8. N5c3 Be6 9. Nd5 Rc8 10. Nbc3 Nge7 11. Nb6 Rb8 12. Bc4 Bxc4 13. Nxc4 Nc8 14. Qh5+ g6 15. Qf3 b5 16. Nd2 Bg7 17. h4 0-0 18. h5 Nd4 19. Bxd4 exd4 20. Nd5 Nb6 21. Nf4 Nc4 22. hxg6 h6 23. Ne6 Nxd2 24. Kxd2 Qa5+ 25. Kd1 Rfe8 26. Qb3 Qa4 27. Qd5 Qc4 28. Nxd4+ Qxd5 29. exd5 Re5 30. c3 Rxd5 31. f4 f5 32. Ke2 Bxd4 33. cxd4 Kg7 34. Kd3 b4 35. Rae1 Rf8 36. Re7+ Kxg6 37. Re6+ Rf6 38. Rxh6+ Kxh6 39. Rxf6+ Kg7 40. Re6 Kf7 41. Re2 Rb5 42. Kc4 1-0

[Event "Nezhmetdinov Memorial 28th"]
[Site "Kazan"]
[Date "2006.06.02"]
[Round "2"]
[White "Kniazev, Igor"]
[Black "Masyagutova, Leisan"]
[Result "1-0"]
[WhiteElo "2244"]
[BlackElo "2026"]
[PlyCount "95"]
[EventDate "2006.06.01"]
[EventType "swiss"]
[EventRounds "9"]
[EventCountry "RUS"]
[SourceTitle "CBM 112 Extra"]
[Source "ChessBase"]
[SourceDate "2006.07.14"]
[SourceVersion "1"]
[SourceVersionDate "2006.07.14"]
[SourceQuality "1"]

1. d4 Nf6 2. c4 c5 3. d5 b5 4. cxb5 a6 5. bxa6 g6 6. Nc3 Bxa6 7. e4 Bxf1 8. Kxf1 d6 9. Nf3 Nbd7 10. h3 Bg7 11. Kg1 0-0 12. Kh2 Qa5 13. Re1 Rfb8 14. Re2 Nb6 15. Rc2 Nc4 16. Qe2 Qa6 17. b3 Na3 18. Qxa6 Rxa6 19. Bxa3 Rxa3 20. Nd2 Rb4 21. Re1 Ra6 22. Na4 Nd7 23. f4 Bh6 24. g3 g5 25. Rf1 Nf6 26. Nc3 Nh5 27. fxg5 Bxg5 28. Nc4 Bf6 29. Rff2 Bd4 30. Rfe2 Rb8 31. Nd1 Kh8 32. Nde3 e6 33. Rf2 Nf6 34. Rf4 Rba8 35. Re2 Rxa2 36. Nc2 Kg7 37. dxe6 fxe6 38. Kg2 d5 39. exd5 exd5 40. Nb6 R8a6 41. Na4 Ba1 42. Nxc5 Rc6 43. b4 Be5 44. Rxe5 Rxc2+ 45. Kf3 Rc4 46. Ne6+ Kg6 47. Rg5+ Kf7 48. Nd8+ 1-0

[Event "RUS-ch (Women) 1st League"]
[Site "Kolontaevo"]
[Date "2005.01.??"]
[Round "1"]
[White "Iljushina, Olga"]
[Black "Masyagutova, Leisan"]
[Result "0-1"]
[WhiteElo "2221"]
[BlackElo "2072"]
[PlyCount "46"]
[EventDate "2005.01.??"]
[EventType "swiss"]
[EventRounds "9"]
[EventCountry "RUS"]
[SourceTitle "EXT 2006"]
[Source "ChessBase"]
[SourceDate "2005.11.24"]
[SourceVersion "1"]
[SourceVersionDate "2005.11.24"]
[SourceQuality "1"]

1. d4 Nf6 2. c4 c5 3. d5 b5 4. cxb5 a6 5. bxa6 g6 6. g3 Bg7 7. d6 0-0 8. Bg2 Rxa6 9. dxe7 Qxe7 10. Bf4 Rb6 11. Nc3 Ba6 12. Qd2 Re8 13. Rd1 d5 14. Bg5 Qe5 15. f4 Qd6 16. Bxf6 Bxf6 17. Qxd5 Qe7 18. Ne4 Bd4 19. Qg5 Bb7 20. Rxd4 cxd4 21. Nf6+ Rxf6 22. Bxb7 Qxb7 23. Qxf6 Qxh1 0-1

[Event "RUS-ch (Women) 1st League"]
[Site "Kolontaevo"]
[Date "2005.01.??"]
[Round "8"]
[White "Malysheva, Polina"]
[Black "Masyagutova, Leisan"]
[Result "1-0"]
[WhiteElo "2283"]
[BlackElo "2072"]
[PlyCount "61"]
[EventDate "2005.01.??"]
[EventType "swiss"]
[EventRounds "9"]
[EventCountry "RUS"]
[SourceTitle "EXT 2006"]
[Source "ChessBase"]
[SourceDate "2005.11.24"]
[SourceVersion "1"]
[SourceVersionDate "2005.11.24"]
[SourceQuality "1"]

1. e4 e6 2. d4 d5 3. e5 Nc6 4. Nf3 Nge7 5. c3 b6 6. Bd3 Bb7 7. 0-0 Qd7 8. Ng5 h6 9. Nh3 0-0-0 10. b4 Kb8 11. Nd2 Nc8 12. b5 N6e7 13. a4 g5 14. f4 Nf5 15. Nb3 Be7 16. fxg5 hxg5 17. Nxg5 Rdg8 18. Nf3 f6 19. a5 Qe8 20. axb6 cxb6 21. exf6 Bxf6 22. Bf4+ Ka8 23. Bxf5 exf5 24. Qd3 Qg6 25. Rf2 Qg4 26. Ne5 Qh5 27. Nd7 Bg5 28. Rxa7+ Kxa7 29. Ra2+ Ba6 30. Rxa6+ Kb7 31. Nbc5+ 1-0

[Event "RUS-ch (Women) 1st League"]
[Site "Kolontaevo"]
[Date "2005.01.??"]
[Round "5"]
[White "Masyagutova, Leisan"]
[Black "Schepetkova, Margarita"]
[Result "1-0"]
[WhiteElo "2072"]
[BlackElo "2146"]
[PlyCount "83"]
[EventDate "2005.01.??"]
[EventType "swiss"]
[EventRounds "9"]
[EventCountry "RUS"]
[SourceTitle "EXT 2006"]
[Source "ChessBase"]
[SourceDate "2005.11.24"]
[SourceVersion "1"]
[SourceVersionDate "2005.11.24"]
[SourceQuality "1"]

1. e4 c6 2. d4 d5 3. exd5 cxd5 4. c4 Nf6 5. Nc3 Nc6 6. Nf3 Bg4 7. cxd5 Nxd5 8. Qb3 Bxf3 9. gxf3 e6 10. Qxb7 Ndb4 11. Bb5 Rc8 12. Bf4 Be7 13. 0-0 0-0 14. a3 a6 15. Ba4 Nd3 16. Be3 Na5 17. Qe4 Nxb2 18. Bc2 g6 19. Ne2 Nac4 20. Bh6 Re8 21. Ng3 Bg5 22. Bxg5 Qxg5 23. h4 Qf6 24. Qe2 Qxh4 25. Be4 Rc7 26. Kg2 Qf4 27. Rh1 Na4 28. Rac1 Nab6 29. Rb1 Rec8 30. Rh3 Nd5 31. Bxd5 exd5 32. Rbh1 Qd2 33. Rxh7 Qxd4 34. R1h4 Qf6 35. Qd3 Ne5 36. Qxd5 Rc5 37. Qb7 R5c6 38. f4 Nc4 39. Ne4 Qg7 40. Rxg7+ Kxg7 41. Ng5 Nd6 42. Qb2+ 1-0

[Event "Serpukhov Lushki-B"]
[Site "Serpukhov"]
[Date "2004.11.24"]
[Round "8"]
[White "Masyagutova, Leisan"]
[Black "Rodchenkov, Sergey D"]
[Result "0-1"]
[WhiteElo "2026"]
[BlackElo "2382"]
[PlyCount "40"]
[EventDate "2004.11.19"]
[EventType "tourn"]
[EventRounds "17"]
[EventCountry "RUS"]
[EventCategory "1"]
[SourceTitle "CBM 103 Extra"]
[Source "ChessBase"]
[SourceDate "2005.01.01"]
[SourceVersion "1"]
[SourceVersionDate "2005.01.01"]
[SourceQuality "1"]

1. e4 c5 2. Nf3 e6 3. d4 cxd4 4. Nxd4 a6 5. Nc3 Qc7 6. Bd3 Nf6 7. 0-0 b5 8. a3 Bc5 9. Nb3 Be7 10. f4 d6 11. Qf3 Bb7 12. Bd2 Nc6 13. Rae1 b4 14. axb4 Nxb4 15. Be3 0-0 16. Qh3 Nxd3 17. cxd3 Rab8 18. Rc1 Bc8 19. Nd1 Qd8 20. Qg3 Rxb3 0-1

[Event "Serpukhov Lushki-B"]
[Site "Serpukhov"]
[Date "2004.11.20"]
[Round "3"]
[White "Dornbusch, Tatiana"]
[Black "Masyagutova, Leisan"]
[Result "1-0"]
[WhiteElo "2316"]
[BlackElo "2026"]
[PlyCount "65"]
[EventDate "2004.11.19"]
[EventType "tourn"]
[EventRounds "17"]
[EventCountry "RUS"]
[EventCategory "1"]
[SourceTitle "CBM 103 Extra"]
[Source "ChessBase"]
[SourceDate "2005.01.01"]
[SourceVersion "1"]
[SourceVersionDate "2005.01.01"]
[SourceQuality "1"]

1. d4 Nf6 2. Nf3 c5 3. d5 g6 4. Nc3 Bg7 5. e4 d6 6. Be2 0-0 7. 0-0 Nbd7 8. Bg5 h6 9. Bh4 a6 10. a4 Ne8 11. Nd2 Rb8 12. Rb1 Nc7 13. Nc4 Nf6 14. f4 b5 15. axb5 axb5 16. Na5 Bd7 17. e5 Nfe8 18. Ne4 f5 19. exd6 Bd4+ 20. Kh1 Nxd5 21. Nxc5 Bxc5 22. Qxd5+ e6 23. Qxc5 Qxh4 24. Nc6 Bxc6 25. Qxc6 Nf6 26. g3 Qh3 27. d7 Ne4 28. Qxe6+ Kh7 29. Rf3 g5 30. Re1 gxf4 31. Qe7+ Kg8 32. gxf4 Qh5 33. Rg1+ 1-0

[Event "Serpukhov Lushki-B"]
[Site "Serpukhov"]
[Date "2004.11.19"]
[Round "1"]
[White "Masyagutova, Leisan"]
[Black "Papenin, Nikolai"]
[Result "0-1"]
[WhiteElo "2026"]
[BlackElo "2391"]
[PlyCount "66"]
[EventDate "2004.11.19"]
[EventType "tourn"]
[EventRounds "17"]
[EventCountry "RUS"]
[EventCategory "1"]
[SourceTitle "CBM 103 Extra"]
[Source "ChessBase"]
[SourceDate "2005.01.01"]
[SourceVersion "1"]
[SourceVersionDate "2005.01.01"]
[SourceQuality "1"]

1. e4 c5 2. Nf3 d6 3. d4 cxd4 4. Nxd4 Nf6 5. Nc3 Nc6 6. a4 g6 7. Nde2 Bg4 8. h3 Bd7 9. g3 Bg7 10. Bg2 Qc8 11. Nf4 0-0 12. 0-0 Ne5 13. Kh2 Re8 14. Ra2 Qc4 15. Nfe2 Rac8 16. b3 Qa6 17. Bd2 Nc6 18. Nd5 e6 19. Nb4 Nxb4 20. Bxb4 Bc6 21. Nc3 Red8 22. Qe1 b6 23. Qe3 d5 24. exd5 Bxd5 25. Nxd5 Nxd5 26. Qe1 Nxb4 27. Qxb4 Qe2 28. Qe7 Bd4 29. Qxa7 Bxf2 30. a5 Rc3 31. a6 Bxg3+ 32. Kh1 Bc7 33. Rf3 Rd1+ 0-1

[Event "Ufa Kopylov Memorial op"]
[Site "Ufa"]
[Date "2004.10.??"]
[Round "1"]
[White "Maksyutov, E."]
[Black "Masyagutova, Leisan"]
[Result "1-0"]
[WhiteElo "2352"]
[BlackElo "2035"]
[PlyCount "61"]
[EventDate "2004.10.24"]
[EventType "swiss"]
[EventRounds "9"]
[EventCountry "RUS"]
[SourceTitle "EXT 2006"]
[Source "ChessBase"]
[SourceDate "2005.11.24"]
[SourceVersion "1"]
[SourceVersionDate "2005.11.24"]
[SourceQuality "1"]

1. Nf3 c5 2. g3 Nc6 3. c4 d6 4. d4 cxd4 5. Nxd4 Nf6 6. Nc3 g6 7. Nc2 Bg7 8. Bg2 0-0 9. 0-0 a6 10. Qd2 Qc7 11. b3 Be6 12. Bb2 Rac8 13. Ne3 Qb8 14. Rac1 b5 15. cxb5 axb5 16. Bxc6 Rxc6 17. Ncd5 Nxd5 18. Rxc6 Nxe3 19. fxe3 Bxb2 20. Qxb2 Bd5 21. Rcc1 Ba8 22. Qd4 e5 23. Qh4 Qb7 24. Kf2 Qa7 25. Qf6 Qxa2 26. Rfd1 Qxb3 27. Rxd6 Bd5 28. Rc7 Qa2 29. Rcd7 Bc4 30. Rd2 Qa8 31. Rd8 1-0

[Event "Ufa Kopylov Memorial op"]
[Site "Ufa"]
[Date "2004.10.??"]
[Round "3"]
[White "Shuganov, Yury"]
[Black "Masyagutova, Leisan"]
[Result "0-1"]
[WhiteElo "2192"]
[BlackElo "2035"]
[PlyCount "48"]
[EventDate "2004.10.24"]
[EventType "swiss"]
[EventRounds "9"]
[EventCountry "RUS"]
[SourceTitle "EXT 2006"]
[Source "ChessBase"]
[SourceDate "2005.11.24"]
[SourceVersion "1"]
[SourceVersionDate "2005.11.24"]
[SourceQuality "1"]

1. Nf3 c5 2. c4 Nc6 3. Nc3 d6 4. g3 e5 5. Bg2 Be7 6. 0-0 h5 7. Nd5 h4 8. Nxe7 Ngxe7 9. Nxh4 Be6 10. d3 Qd7 11. Re1 0-0-0 12. e3 g5 13. Nf3 Rdg8 14. Nd2 f5 15. Nf1 f4 16. a3 Bh3 17. Bxh3 Qxh3 18. Qf3 g4 19. Qg2 Qh7 20. Qe4 Qh5 21. gxf4 exf4 22. Qxf4 Ne5 23. Bd2 Nf3+ 24. Kh1 g3 0-1

[Event "RUS-ch 1L (Women)"]
[Site "Serpukhov"]
[Date "2004.02.??"]
[Round "8"]
[White "Nebolsina, Vera"]
[Black "Masyagutova, Leisan"]
[Result "1/2-1/2"]
[WhiteElo "2145"]
[BlackElo "2016"]
[PlyCount "92"]
[EventDate "2004.02.??"]
[EventType "swiss"]
[EventRounds "9"]
[EventCountry "RUS"]
[SourceTitle "EXT 2005"]
[Source "ChessBase"]
[SourceDate "2004.11.15"]
[SourceVersion "1"]
[SourceVersionDate "2004.11.15"]
[SourceQuality "1"]

1. d4 Nf6 2. Nf3 c5 3. d5 b5 4. a4 Bb7 5. axb5 Bxd5 6. Bd2 d6 7. Ba5 Qc8 8. Nc3 Bb7 9. e4 e6 10. e5 dxe5 11. Nxe5 Be7 12. Be2 0-0 13. Bf3 Nfd7 14. Nc4 a6 15. Ne4 axb5 16. Ncd6 Bxd6 17. Nxd6 Bxf3 18. Qxf3 Qc6 19. 0-0 Rxa5 20. Rxa5 Qxd6 21. Rxb5 Nc6 22. Qg3 Qxg3 23. hxg3 Nb4 24. Rd1 Nd5 25. c4 N5f6 26. f4 h6 27. Rb7 Ra8 28. Rdxd7 Nxd7 29. Rxd7 Rb8 30. Rd2 Rb4 31. Rc2 Kh7 32. Kf2 h5 33. Kf3 Rb3+ 34. Ke4 Rxg3 35. f5 Rg4+ 36. Ke5 Rg5 37. Rf2 exf5 38. Kd6 f4 39. b4 cxb4 40. c5 b3 41. c6 Rb5 42. c7 b2 43. Rxb2 Rxb2 44. c8Q Rxg2 45. Qf5+ Rg6+ 46. Ke7 Kh6 1/2-1/2